000
00325nam a22001457a 4500
008
170203b xxu||||| |||| 00| 0 eng d
020
_a
97807817211039
041
_a
eng
080
_a
61
082
_2
9ED
100
_a
3
101
_a
SHM
245
_a
THE HUMAN BODYINHEALTH AN DDISECASE
_c
COHEN BARBARA
942
_2
udc
_c
BK
999
_c
4410
_d
4410